000 00688 a2200205 4500
020 _a0124808735
020 _a9780124808737
082 0 4 _a538.3
090 _c872
_d872
100 1 _aMayergoyz, Isaak D.
245 1 0 _aMathematical models of hysteresis and their applications :
_bsecond edition /
_cIsaak D. Mayergoyz.
250 _a2nd ed.
260 _a[S.l.] :
_bAcademic Press,
_c2003.
300 _a498 p. ;
_c23 cm.
490 1 _aElectromagnetism.
700 _aMayergoyz, Isaak D.
830 0 _aElectromagnetism.
942 _aSNS
_cBK
_k538.3 MAY
999 _c29495
_d29495